लघु चम्पू काव्य एक विस्तृत अध्ययन / (Record no. 112584)

MARC details
000 -LEADER
fixed length control field 01109nam a22002537a 4500
005 - DATE AND TIME OF LATEST TRANSACTION
control field 20170124102941.0
010 ## - LIBRARY OF CONGRESS CONTROL NUMBER
LC control number B-073110
020 ## - INTERNATIONAL STANDARD BOOK NUMBER
Terms of availability 00.00
035 ## - SYSTEM CONTROL NUMBER
System control number B-073110
037 ## - SOURCE OF ACQUISITION
Source of stock number/acquisition Cen Lib/Ret
040 ## - CATALOGING SOURCE
Original cataloging agency DPL
Language of cataloging HN
082 ## - DEWEY DECIMAL CLASSIFICATION NUMBER
Classification number 821.08
Item number राजेंद्र
100 ## - MAIN ENTRY--PERSONAL NAME
Personal name राजेंद्र
9 (RLIN) 4570
245 ## - TITLE STATEMENT
Title लघु चम्पू काव्य एक विस्तृत अध्ययन /
Statement of responsibility, etc राजेंद्र
246 ## - VARYING FORM OF TITLE
Title proper/short title laghu champukavya ek vistrit adhyyan
Remainder of title by Rajendra
260 ## - PUBLICATION, DISTRIBUTION, ETC. (IMPRINT)
Place of publication, distribution, etc नई दिल्ली
Name of publisher, distributor, etc भारतीय ज्ञानपीठ
270 ## - ADDRESS
Address 18,इंडस्ट्रियल एरिया लोधी रोड
City नई दिल्ली
Postal code 110003
300 ## - PHYSICAL DESCRIPTION
Extent xi,562पृष्ठ.
Dimensions 20सेमी (सजिल्द)
650 ## - SUBJECT ADDED ENTRY--TOPICAL TERM
Topical term or geographic name as entry element संस्कृत साहित्य
9 (RLIN) 442
650 ## - SUBJECT ADDED ENTRY--TOPICAL TERM
Topical term or geographic name as entry element चम्पू महाकाव्य
9 (RLIN) 2082
650 ## - SUBJECT ADDED ENTRY--TOPICAL TERM
Topical term or geographic name as entry element Sanskrit literature
9 (RLIN) 48285
650 ## - SUBJECT ADDED ENTRY--TOPICAL TERM
Topical term or geographic name as entry element Champu mahakavya
9 (RLIN) 48286
942 ## - ADDED ENTRY ELEMENTS (KOHA)
Source of classification or shelving scheme Dewey Decimal Classification
Koha item type Hindi Books
Classification part 821.08
Call number suffix राजेन्द्र
Holdings
Withdrawn status Lost status Damaged status Not for loan Home library Current library Date acquired Source of acquisition Cost, normal purchase price Total Checkouts Full call number Barcode Date last seen Copy number Cost, replacement price Price effective from Koha item type
        Central Library Central Library 08/08/2015 Cen Lib/Ret 0.00   821.08 राजेंद्र B-073110 08/08/2015 1 0.00 08/08/2015 Hindi Books

© Delhi Public Library
Hit Counter
free hit counter